000 00584nam a2200181Ia 4500
003 GCL
008 140319s9999 xx 000 0 ara d
040 _aGCL /
_cGCL
082 0 4 _a371.26
_bح ا
100 1 _aحامد عبدالسلام زهران
245 1 0 _aاختبار ذكاء الشباب اللفظى /
_cحامد عبدالسلام زهران
300 _a40 ص
490 _aالهيئة العامة للاستعلامات
_v0
650 0 4 _aاختبارات الذكاء
650 0 4 _aقياس الذكاء
650 0 4 _aالذكاء - مستوى
942 _2ddc
_cBK
999 _c47089
_d47089